<?xml version="1.0" encoding="UTF-8"?>
<collection xmlns="http://www.loc.gov/MARC21/slim">
 <record>
  <leader>03008nam a22005177a 4500</leader>
  <controlfield tag="001">45530</controlfield>
  <controlfield tag="003">BD-DhAAL</controlfield>
  <controlfield tag="005">20260504122244.0</controlfield>
  <controlfield tag="008">260420t2025    bg ||||| b||| 00| 0 ben d</controlfield>
  <datafield tag="020" ind1=" " ind2=" ">
   <subfield code="a">9789849949534</subfield>
  </datafield>
  <datafield tag="020" ind1=" " ind2=" ">
   <subfield code="a"> 9841807444X101</subfield>
  </datafield>
  <datafield tag="040" ind1=" " ind2=" ">
   <subfield code="a">BD-DhAAL</subfield>
   <subfield code="d">BD-DhAAL</subfield>
  </datafield>
  <datafield tag="041" ind1="0" ind2=" ">
   <subfield code="a">ben</subfield>
  </datafield>
  <datafield tag="082" ind1="0" ind2="0">
   <subfield code="a">320.95492</subfield>
   <subfield code="2">23</subfield>
  </datafield>
  <datafield tag="245" ind1="0" ind2="0">
   <subfield code="a">বাঙালির রাজনীতিচিন্তা.</subfield>
   <subfield code="n">দ্বাবিংশ খণ্ড /</subfield>
   <subfield code="c">সম্পাদক, খোন্দকার মোকাদ্দেম হোসেন ; গ্রন্থমালা সম্পাদক, আবদুল্লাহ আবু সায়ীদ.</subfield>
  </datafield>
  <datafield tag="246" ind1="3" ind2="3">
   <subfield code="a">Bangalir chintamulok rochona shongroho :</subfield>
   <subfield code="b">rajniti [dabingsho khondo]</subfield>
  </datafield>
  <datafield tag="246" ind1="3" ind2="3">
   <subfield code="a">A collection of Bengali thoughts :</subfield>
   <subfield code="b">politics [volume : 22]</subfield>
  </datafield>
  <datafield tag="260" ind1=" " ind2=" ">
   <subfield code="a">ঢাকা :</subfield>
   <subfield code="b">বিশ্বসাহিত্য কেন্দ্র,</subfield>
   <subfield code="c">২০২৫.</subfield>
  </datafield>
  <datafield tag="300" ind1=" " ind2=" ">
   <subfield code="a">৪৭৪ পৃষ্ঠা ;</subfield>
   <subfield code="c">২২ সে.মি.</subfield>
  </datafield>
  <datafield tag="362" ind1="0" ind2=" ">
   <subfield code="a">Vol. 22</subfield>
  </datafield>
  <datafield tag="490" ind1="1" ind2=" ">
   <subfield code="a">বাঙালির চিন্তামূলক রচনা সংগ্রহ ;</subfield>
   <subfield code="v">১৪৩</subfield>
  </datafield>
  <datafield tag="490" ind1="1" ind2=" ">
   <subfield code="a">বিশ্বসাহিত্য কেন্দ্র প্রকাশনা ;</subfield>
   <subfield code="v">৭৪৫</subfield>
  </datafield>
  <datafield tag="500" ind1=" " ind2=" ">
   <subfield code="a">প্রথম প্রকাশ.</subfield>
  </datafield>
  <datafield tag="504" ind1=" " ind2=" ">
   <subfield code="a">গ্রন্থপঞ্জিগত নির্দেশিকা অন্তর্ভুক্ত।</subfield>
  </datafield>
  <datafield tag="526" ind1="8" ind2=" ">
   <subfield code="a">AAL, RS</subfield>
  </datafield>
  <datafield tag="541" ind1="1" ind2=" ">
   <subfield code="a">Bishwo Shahitto Kendro</subfield>
   <subfield code="e">45530, 45649</subfield>
  </datafield>
  <datafield tag="650" ind1=" " ind2="0">
   <subfield code="a">Political activity</subfield>
   <subfield code="z">India</subfield>
   <subfield code="z">Bengal.</subfield>
  </datafield>
  <datafield tag="650" ind1=" " ind2="0">
   <subfield code="a">Politics and government.</subfield>
  </datafield>
  <datafield tag="650" ind1=" " ind2="0">
   <subfield code="a">West Bengal (India)</subfield>
   <subfield code="x">Politics and government.</subfield>
   <subfield code="9">60462</subfield>
  </datafield>
  <datafield tag="650" ind1=" " ind2="0">
   <subfield code="a">Bengal (India)</subfield>
   <subfield code="x">Politics and government.</subfield>
  </datafield>
  <datafield tag="650" ind1=" " ind2="0">
   <subfield code="a">Political culture</subfield>
   <subfield code="z">Bangladesh.</subfield>
  </datafield>
  <datafield tag="650" ind1=" " ind2="0">
   <subfield code="a">Political atrocities</subfield>
   <subfield code="z">Bangladesh.</subfield>
   <subfield code="9">18071</subfield>
  </datafield>
  <datafield tag="650" ind1=" " ind2="0">
   <subfield code="a">Democracy</subfield>
   <subfield code="z">Bangladesh.</subfield>
  </datafield>
  <datafield tag="650" ind1=" " ind2="0">
   <subfield code="a">Political planning</subfield>
   <subfield code="z">Bangladesh.</subfield>
  </datafield>
  <datafield tag="650" ind1=" " ind2="0">
   <subfield code="a">Political science.</subfield>
  </datafield>
  <datafield tag="650" ind1=" " ind2="0">
   <subfield code="a">Public administration</subfield>
   <subfield code="z">Bangladesh.</subfield>
  </datafield>
  <datafield tag="651" ind1=" " ind2="0">
   <subfield code="a">Bangladesh</subfield>
   <subfield code="x">Politics and government.</subfield>
  </datafield>
  <datafield tag="700" ind1="1" ind2=" ">
   <subfield code="a">হোসেন, খোন্দকার মোকাদ্দেম.</subfield>
   <subfield code="9">60463</subfield>
  </datafield>
  <datafield tag="700" ind1="1" ind2=" ">
   <subfield code="a">সায়ীদ, আবদুল্লাহ আবু.</subfield>
  </datafield>
  <datafield tag="830" ind1=" " ind2="0">
   <subfield code="a">বাঙালির চিন্তামূলক রচনা সংগ্রহ ;</subfield>
   <subfield code="v">১৪৩</subfield>
  </datafield>
  <datafield tag="830" ind1=" " ind2="0">
   <subfield code="a">বিশ্বসাহিত্য কেন্দ্র প্রকাশনা ;</subfield>
   <subfield code="v">৭৪৫</subfield>
  </datafield>
  <datafield tag="852" ind1="1" ind2=" ">
   <subfield code="a">Ayesha Abed Library</subfield>
   <subfield code="c">Reference</subfield>
  </datafield>
  <datafield tag="942" ind1=" " ind2=" ">
   <subfield code="2">ddc</subfield>
   <subfield code="c">BK</subfield>
  </datafield>
  <datafield tag="999" ind1=" " ind2=" ">
   <subfield code="c">47821</subfield>
   <subfield code="d">47821</subfield>
  </datafield>
  <datafield tag="952" ind1=" " ind2=" ">
   <subfield code="0">0</subfield>
   <subfield code="1">0</subfield>
   <subfield code="2">ddc</subfield>
   <subfield code="4">0</subfield>
   <subfield code="6">320_954920000000000_BAN</subfield>
   <subfield code="7">1</subfield>
   <subfield code="9">79009</subfield>
   <subfield code="a">SCL</subfield>
   <subfield code="b">SCL</subfield>
   <subfield code="c">REF</subfield>
   <subfield code="d">2026-04-19</subfield>
   <subfield code="e">Bishwo Shahitto Kendro</subfield>
   <subfield code="g">600.00</subfield>
   <subfield code="l">0</subfield>
   <subfield code="o">320.95492 BAN</subfield>
   <subfield code="p">3020045649</subfield>
   <subfield code="r">2026-04-19</subfield>
   <subfield code="t">2</subfield>
   <subfield code="v">1200.00</subfield>
   <subfield code="w">2026-04-19</subfield>
   <subfield code="y">BK</subfield>
   <subfield code="x">Requisitioned by Ayesha Abed Library, BRAC University</subfield>
  </datafield>
  <datafield tag="952" ind1=" " ind2=" ">
   <subfield code="0">0</subfield>
   <subfield code="1">0</subfield>
   <subfield code="2">ddc</subfield>
   <subfield code="4">0</subfield>
   <subfield code="6">320_954920000000000_BAN</subfield>
   <subfield code="7">1</subfield>
   <subfield code="9">79010</subfield>
   <subfield code="a">BRACUL</subfield>
   <subfield code="b">BRACUL</subfield>
   <subfield code="c">REF</subfield>
   <subfield code="d">2026-04-19</subfield>
   <subfield code="e">Bishwo Shahitto Kendro</subfield>
   <subfield code="g">600.00</subfield>
   <subfield code="l">0</subfield>
   <subfield code="o">320.95492 BAN</subfield>
   <subfield code="p">3010045530</subfield>
   <subfield code="r">2026-04-19</subfield>
   <subfield code="t">1</subfield>
   <subfield code="v">1200.00</subfield>
   <subfield code="w">2026-04-19</subfield>
   <subfield code="y">BK</subfield>
   <subfield code="x">Requisitioned by Ayesha Abed Library, BRAC University</subfield>
  </datafield>
 </record>
</collection>
